LIBRARY & INFORMATION CENTRE, KCAET, TAVANUR

ONLINE PUBLIC ACCESS CATALOGUE (OPAC)

Normal view MARC view
  • Eastman, Kodak

Entry Personal Name

Number of records used in: 1

001 - CONTROL NUMBER

  • control field: 4277

003 - CONTROL NUMBER IDENTIFIER

  • control field: OSt

005 - DATE AND TIME OF LATEST TRANSACTION

  • control field: 20190925080457.0

008 - FIXED-LENGTH DATA ELEMENTS

  • fixed length control field: 190925|| aca||aabn | a|a d

040 ## - CATALOGING SOURCE

  • Original cataloging agency: OSt
  • Transcribing agency: OSt

100 ## - HEADING--PERSONAL NAME

  • Personal name: Eastman, Kodak

670 ## - SOURCE DATA FOUND

  • Source citation: Work cat.: (OSt): Eastman, Kodak , Take better pictures :A practical guide to creative photography, 1983
free website counter